<?xml version="1.0" encoding="UTF-8"?><?xml-stylesheet type="text/xsl" href="static/style.xsl"?><OAI-PMH xmlns="http://www.openarchives.org/OAI/2.0/" xmlns:xsi="http://www.w3.org/2001/XMLSchema-instance" xsi:schemaLocation="http://www.openarchives.org/OAI/2.0/ http://www.openarchives.org/OAI/2.0/OAI-PMH.xsd"><responseDate>2026-04-29T01:00:03Z</responseDate><request verb="GetRecord" identifier="oai:repisalud.isciii.es:20.500.12105/10785" metadataPrefix="marc">https://repisalud.isciii.es/rest/oai/request</request><GetRecord><record><header><identifier>oai:repisalud.isciii.es:20.500.12105/10785</identifier><datestamp>2024-05-21T11:02:21Z</datestamp><setSpec>com_20.500.12105_2203</setSpec><setSpec>com_20.500.12105_2202</setSpec><setSpec>col_20.500.12105_19505</setSpec><setSpec>col_20.500.12105_19585</setSpec></header><metadata><record xmlns="http://www.loc.gov/MARC21/slim" xmlns:dcterms="http://purl.org/dc/terms/" xmlns:doc="http://www.lyncode.com/xoai" xmlns:xsi="http://www.w3.org/2001/XMLSchema-instance" xsi:schemaLocation="http://www.loc.gov/MARC21/slim http://www.loc.gov/standards/marcxml/schema/MARC21slim.xsd">
   <leader>00925njm 22002777a 4500</leader>
   <datafield ind2=" " ind1=" " tag="042">
      <subfield code="a">dc</subfield>
   </datafield>
   <datafield ind2=" " ind1=" " tag="720">
      <subfield code="a">Instituto de Salud Carlos III. Centro Nacional de Epidemiología</subfield>
      <subfield code="e">author</subfield>
   </datafield>
   <datafield ind2=" " ind1=" " tag="260">
      <subfield code="c">2016-11-13</subfield>
   </datafield>
   <datafield ind2=" " ind1=" " tag="520">
      <subfield code="a">Los indicadores de transmisibilidad indican que la actividad gripal se encuentra en valores propios del
periodo pre-epidémico.
En la semana 45/2016 la tasa global de incidencia de gripe es de 18,36 casos por 100.000 habitantes.
De las 86 muestras centinela enviadas para confirmación virológica, 6 han sido positivas para el virus de
la gripe, lo que supone una tasa de detección viral del 7,0%.
Se han notificado 64 detecciones de VRS entre las 376 muestras analizadas (tasa de detección 17,0%).
En la semana 45/2016 no se han notificado casos graves hospitalizados confirmados de gripe (CGHCG).
Desde el inicio de la temporada se han notificado 3 CGHCG (uno virus tipo B y dos ANS).
A nivel mundial, la actividad gripal en los países de la zona templada del hemisferio sur vuelve a niveles
de inter-temporada. En la zona templada del hemisferio norte la actividad gripal todavía no ha aumentado, y se mantiene con niveles propios de inter-temporada.</subfield>
   </datafield>
   <datafield ind1="8" ind2=" " tag="024">
      <subfield code="a">http://hdl.handle.net/20.500.12105/10785</subfield>
   </datafield>
   <datafield tag="653" ind2=" " ind1=" ">
      <subfield code="a">Gripe</subfield>
   </datafield>
   <datafield tag="653" ind2=" " ind1=" ">
      <subfield code="a">Vigilancia Epidemiológica</subfield>
   </datafield>
   <datafield ind2="0" ind1="0" tag="245">
      <subfield code="a">Informe semanal de Vigilancia de la Gripe en España Semana 45/2016 (7 - 13 de noviembre 2016) Nº 482. 17 de noviembre de 2016</subfield>
   </datafield>
</record></metadata></record></GetRecord></OAI-PMH>